Project Management QuickStart Guide The Simplified Beginner's Guide to Precise Planning, Strategic Resource Management and Delivering World-Class Results
Guardado en:
| Autor principal: | |
|---|---|
| Formato: | Libro |
| Lenguaje: | inglés |
| Publicado: |
Albany
ClydeBank Media
2022
|
| Materias: | |
| Etiquetas: |
Sin Etiquetas, Sea el primero en etiquetar este registro!
|
MARC
| LEADER | 00000nam a2200000 4500 | ||
|---|---|---|---|
| 001 | 0287852 | ||
| 005 | 20240416114154.9 | ||
| 020 | |a 978-1-63610-058-6 | ||
| 020 | |a 978-1-63610-060-9 | ||
| 041 | 0 | |a eng | |
| 044 | |a US | ||
| 245 | 1 | 0 | |a Project Management QuickStart Guide |b The Simplified Beginner's Guide to Precise Planning, Strategic Resource Management and Delivering World-Class Results |c Chris Croft |
| 264 | 1 | |a Albany |b ClydeBank Media |c 2022 | |
| 300 | |a 357 s. | ||
| 610 | 2 | 0 | |a riadenie projektové |
| 610 | 2 | 0 | |a plánovanie projektové |
| 610 | 2 | 0 | |a riadenie strategické |
| 610 | 2 | 0 | |a projekty |
| 100 | 1 | |a Croft, Chris | |